Resposta de A-Z no Brasil - Statistics

Estatísticas Gerais
  • Esse quiz foi jogado 69 vezes
  • A pontuação média é 21 de 26
Estatísticas das Respostas
Pergunta Resposta % Correto
Rio mais longo do Brasil Amazonas
98%
Time de Futebol com a maior torcida do Brasil Flamengo
95%
Presidente atual do Brasil Lula
95%
País que junto com o Chile são os únicos que não fazem fronteira com o Brasil na América do Sul Equador
93%
Refrigerante famoso no Brasil Guaraná
93%
Lema escrito na bandeira do Brasil Ordem e Progresso
93%
Melhor jogador de Futebol da história Pelé
93%
Primeiro Imperador do Brasil Dom Pedro
92%
Praia famosa do Brasil Ipanema
90%
Principal cor na bandeira do Brasil Verde
90%
Antiga capital do Brasil Salvador
86%
Aplicativo utilizado para conversar com pessoas Whatsapp
86%
Capital do Brasil Brasília
83%
Cachorro mais conhecido do Brasil Caramelo
81%
Jogador do Atlético MG (E herói da Marvel) Hulk
81%
Animal típico brasileiro e mascote da Copa do Mundo de 2014 Tatu
81%
Líder do Quilombo dos Palmares e figura históricada resistência contra a escravidão Zumbi dos Palmares
81%
Região do Brasil Nordeste
80%
Cidade do Sudeste Rio de Janeiro
80%
Marca de fabricação de Pipoca e Farofa Yoki
73%
Munícipio Baiano que virou piada na internet Xique Xique
71%
Comida com origem Árabe, mas comida muito em São Paulo Kibe
61%
Fruta típica Brasileira Jabuticaba
59%
Museu encontrado em São Paulo MASP
59%
Cidade do norte de São Paulo com belas praias Ubatuba
53%
Coisa encontrada em Festa Junina Quadrilha
44%
Nenhum quiz correspondente encontrado
Distribuição das Pontuações
Porcentagem de Pessoas com Cada Pontuação
Percentil de Números Respondidos
Sua Pontuação Histórica
Você não jogou esse quiz